[Event "IND-ch 58th"]
[Site "Kanpur"]
[Date "2022.02.25"]
[Round "1"]
[White "Sankalp, Gupta"]
[Black "Parthasarathy, R."]
[Result "1/2-1/2"]
[WhiteElo "2536"]
[BlackElo "1992"]
[PlyCount "91"]
[EventDate "2022.02.25"]
[EventType "swiss"]
[EventRounds "11"]
[EventCountry "IND"]
[SourceTitle "CBM 207 Extra"]
[Source "ChessBase"]
[SourceDate "2022.05.31"]
[SourceVersion "1"]
[SourceVersionDate "2022.05.31"]
[SourceQuality "1"]

1. e4 e5 2. Nf3 Nc6 3. Bb5 a6 4. Ba4 d6 5. 0-0 Bd7 6. c3 g6 7. d4 Bg7 8. dxe5 Nxe5 9. Nxe5 dxe5 10. Be3 Nf6 11. Nd2 0-0 12. f3 Bxa4 13. Qxa4 Qd3 14. Rfe1 Rfd8 15. Rad1 Qb5 16. Qc2 Nd7 17. b3 Nc5 18. Nc4 b6 19. Rxd8+ Rxd8 20. Rd1 Rxd1+ 21. Qxd1 Qd7 22. Qd5 Qxd5 23. exd5 Nd7 24. Kf2 f5 25. d6 c5 26. b4 Kf7 27. bxc5 bxc5 28. Bg5 Ke6 29. Be7 Bf6 30. Na5 Bxe7 31. dxe7 Kxe7 32. Nb7 c4 33. Ke3 Ke6 34. Nd8+ Kd5 35. Nf7 Nf6 36. Ng5 Kc5 37. h4 Kd5 38. g3 Kd6 39. Nf7+ Ke6 40. Ng5+ Kd5 41. Ke2 e4 42. f4 Kc5 43. Kd2 Kd6 44. Nf7+ Kd5 45. Ng5 Kd6 46. Nf7+ 1/2-1/2

[Event "Commonwealth-ch"]
[Site "New Delhi"]
[Date "2019.06.30"]
[Round "1"]
[White "Debashis, Das"]
[Black "Parthasarathy, R."]
[Result "1-0"]
[WhiteElo "2544"]
[BlackElo "1988"]
[PlyCount "55"]
[EventDate "2019.06.30"]
[EventType "swiss"]
[EventRounds "9"]
[EventCountry "IND"]
[SourceTitle "CBM 191 Extra"]
[Source "ChessBase"]
[SourceDate "2019.09.30"]
[SourceVersion "1"]
[SourceVersionDate "2019.09.30"]
[SourceQuality "1"]

1. d4 Nf6 2. c4 g6 3. Nc3 Bg7 4. Nf3 0-0 5. e4 c6 6. Qb3 d6 7. Be2 e5 8. d5 Na6 9. 0-0 Bd7 10. Be3 Ng4 11. Bg5 f6 12. Bh4 g5 13. Bg3 Nc5 14. Qd1 h5 15. Nd2 f5 16. exf5 Bxf5 17. h3 Nf6 18. Bxh5 Nxh5 19. Qxh5 Rf6 20. Qxg5 Qd7 21. Qe3 Bh6 22. Nde4 Nxe4 23. Nxe4 Rg6 24. Qe2 cxd5 25. cxd5 Rc8 26. Rae1 Qa4 27. Nxd6 Rxd6 28. Qxe5 1-0

[Event "Gujarat op 1st"]
[Site "Ahmedabad"]
[Date "2018.10.05"]
[Round "1"]
[White "Parthasarathy, R."]
[Black "Popov, Ivan1111"]
[Result "0-1"]
[WhiteElo "1993"]
[BlackElo "2611"]
[PlyCount "100"]
[EventDate "2018.10.05"]
[EventType "swiss"]
[EventRounds "10"]
[EventCountry "IND"]
[SourceTitle "CBM 186 Extra"]
[Source "ChessBase"]
[SourceDate "2018.08.24"]
[SourceVersion "1"]
[SourceVersionDate "2018.08.24"]
[SourceQuality "1"]

1. e4 c5 2. Nf3 d6 3. d4 cxd4 4. Qxd4 Nc6 5. Bb5 a6 6. Bxc6+ bxc6 7. 0-0 e5 8. Qd3 Nf6 9. c4 Qc7 10. Bg5 Be7 11. Rd1 0-0 12. Nc3 Rd8 13. Bxf6 Bxf6 14. c5 dxc5 15. Qc4 Rxd1+ 16. Rxd1 Be7 17. Na4 Be6 18. Qc3 Rd8 19. Ra1 Qd6 20. h3 f6 21. Rc1 c4 22. Nb6 Qd3 23. Qc2 Rb8 24. Na4 Kf7 25. Nd2 Rb4 26. Nc3 Bc5 27. a3 Rb8 28. Na4 Qxc2 29. Rxc2 Bd4 30. Nxc4 c5 31. Kf1 Bd7 32. Nab6 Bb5 33. Ke1 Ke6 34. Kd1 g6 35. g4 Bc6 36. Re2 f5 37. f3 fxe4 38. fxe4 Rf8 39. Nd2 Bxb2 40. Ndc4 Rf1+ 41. Re1 Rxe1+ 42. Kxe1 Bc3+ 43. Ke2 Bxe4 44. Na4 Bd4 45. Nd2 Bg2 46. h4 e4 47. Nb6 Ke5 48. g5 Kf4 49. Nd5+ Kg3 50. Nf6 Bf3+ 0-1

[Event "Bengaluru Karnataka op"]
[Site "Bengaluru"]
[Date "2018.04.14"]
[Round "2"]
[White "Parthasarathy, R."]
[Black "Rajath, Gururaj"]
[Result "1/2-1/2"]
[WhiteElo "1926"]
[BlackElo "1131"]
[PlyCount "78"]
[EventDate "2018.04.14"]
[EventType "swiss"]
[EventRounds "10"]
[EventCountry "IND"]
[SourceTitle "CBM 184 Extra"]
[Source "ChessBase"]
[SourceDate "2018.06.28"]
[SourceVersion "1"]
[SourceVersionDate "2018.06.28"]
[SourceQuality "1"]

1. e4 c5 2. Nf3 Nc6 3. Bb5 d6 4. 0-0 Bd7 5. Re1 e6 6. c3 Be7 7. d4 cxd4 8. cxd4 Nf6 9. Nc3 a6 10. Bf1 0-0 11. d5 Nb8 12. Qb3 Qc8 13. Be3 e5 14. Rac1 Bg4 15. Nb5 Qd8 16. Nc7 Nbd7 17. Nxa8 Qxa8 18. Nd2 Bh5 19. Rc7 Rb8 20. Rec1 Bg6 21. f3 Bd8 22. R7c2 h6 23. g3 a5 24. a4 b6 25. Rc6 Nc5 26. Bxc5 bxc5 27. Qc3 Ne8 28. Nc4 Bc7 29. Na3 Qb7 30. Nb5 Rc8 31. Nxc7 Rxc7 32. Rxc7 Qxc7 33. Bd3 Qb6 34. Ra1 c4+ 35. Kf1 cxd3 36. Ra3 Qe3 37. Qxd3 Qc1+ 38. Kg2 Qxb2+ 39. Kh3 f5 1/2-1/2

[Event "Mumbai Wealth op 3rd"]
[Site "Mumbai"]
[Date "2018.01.03"]
[Round "5"]
[White "Gavade, Atharv"]
[Black "Parthasarathy, R."]
[Result "0-1"]
[WhiteElo "1603"]
[BlackElo "1915"]
[PlyCount "82"]
[EventDate "2017.12.30"]
[EventType "swiss"]
[EventRounds "9"]
[EventCountry "IND"]
[SourceTitle "CBM 182 Extra"]
[Source "ChessBase"]
[SourceDate "2018.02.23"]
[SourceVersion "1"]
[SourceVersionDate "2018.02.23"]
[SourceQuality "1"]

1. e4 g6 2. Nf3 Bg7 3. d4 d6 4. Be3 Nf6 5. Nbd2 0-0 6. Bc4 Nc6 7. h3 d5 8. e5 dxc4 9. exf6 Bxf6 10. Nxc4 Qd5 11. Qe2 Be6 12. Na3 Nxd4 13. Bxd4 Bxd4 14. Nxd4 Qxd4 15. c3 Qc5 16. 0-0 Rad8 17. Rfd1 Qg5 18. Kh1 Bd5 19. f3 e5 20. Rd3 e4 21. fxe4 Rde8 22. Re3 f5 23. Rd1 Bxe4 24. Qc4+ Kg7 25. Qxc7+ Rf7 26. Rg3 Rxc7 27. Rxg5 a6 28. Kg1 h6 29. Rg3 f4 30. Rg4 g5 31. h4 Bf5 32. Rxg5+ hxg5 33. hxg5 Re2 34. Rf1 Be4 35. Rxf4 Rd7 36. Kf1 Rdd2 37. Nc4 Bxg2+ 38. Kg1 Rd1+ 39. Kh2 Bc6+ 40. Kg3 Rg2+ 41. Kh4 Rh1# 0-1

[Event "Mumbai Wealth op 3rd"]
[Site "Mumbai"]
[Date "2017.12.31"]
[Round "2"]
[White "Kumar, Gaurav"]
[Black "Parthasarathy, R."]
[Result "1-0"]
[WhiteElo "2231"]
[BlackElo "1915"]
[PlyCount "63"]
[EventDate "2017.12.30"]
[EventType "swiss"]
[EventRounds "9"]
[EventCountry "IND"]
[SourceTitle "CBM 182 Extra"]
[Source "ChessBase"]
[SourceDate "2018.02.23"]
[SourceVersion "1"]
[SourceVersionDate "2018.02.23"]
[SourceQuality "1"]

1. e4 g6 2. d4 Bg7 3. Nf3 d6 4. Bc4 Nf6 5. Qe2 0-0 6. Nc3 c6 7. a4 d5 8. Bb3 dxe4 9. Nxe4 Nxe4 10. Qxe4 Bf5 11. Qh4 Nd7 12. 0-0 Nf6 13. Bh6 Ne4 14. Rfe1 e6 15. Bxg7 Qxh4 16. Nxh4 Kxg7 17. g4 g5 18. gxf5 Nd2 19. Ng2 Nf3+ 20. Kf1 Nxh2+ 21. Ke2 exf5 22. f3 g4 23. Nh4 Kf6 24. Kf2 f4 25. Re5 g3+ 26. Kg2 Rfe8 27. Rf5+ Kg7 28. Rxf4 Re2+ 29. Kxg3 Kh6 30. Rh1 Rg8+ 31. Kh3 Kg5 32. Rf5+ 1-0

[Event "Mumbai Mayors Cup 10th"]
[Site "Mumbai"]
[Date "2017.06.07"]
[Round "6"]
[White "Raja, Rithvik R"]
[Black "Parthasarathy, R."]
[Result "1-0"]
[WhiteElo "2155"]
[BlackElo "1949"]
[PlyCount "75"]
[EventDate "2017.06.04"]
[EventType "swiss"]
[EventRounds "10"]
[EventCountry "IND"]
[SourceTitle "CBM 178 Extra"]
[Source "ChessBase"]
[SourceDate "2017.06.22"]
[SourceVersion "1"]
[SourceVersionDate "2017.06.22"]
[SourceQuality "1"]

1. Nf3 e6 2. c4 b6 3. g3 g5 4. Bg2 Bb7 5. h3 Bg7 6. d4 h6 7. g4 Ne7 8. h4 gxh4 9. Nxh4 Nbc6 10. e3 Bf6 11. Nc3 d5 12. cxd5 Nxd5 13. Nxd5 Bxh4 14. Rxh4 exd5 15. Rh5 Ne7 16. Bd2 Qd7 17. Bh3 f5 18. gxf5 Rg8 19. Bg4 0-0-0 20. f3 Kb8 21. Qc2 Rdf8 22. 0-0-0 Rf6 23. Kb1 Bc8 24. Rc1 Nxf5 25. e4 dxe4 26. Bf4 Rxg4 27. Bxc7+ Kb7 28. fxg4 Nxd4 29. Qxe4+ Nc6 30. Be5 Qxg4 31. Qh7+ Ka8 32. Bxf6 Qxh5 33. Qh8 Qf5+ 34. Ka1 Kb7 35. Qg7+ Ka6 36. Qxh6 Nb4 37. Qd2 Qg4 38. a3 1-0

[Event "Mumbai Mayors Cup 10th"]
[Site "Mumbai"]
[Date "2017.06.05"]
[Round "3"]
[White "Parthasarathy, R."]
[Black "Muthaiah, Al"]
[Result "0-1"]
[WhiteElo "1949"]
[BlackElo "2289"]
[PlyCount "64"]
[EventDate "2017.06.04"]
[EventType "swiss"]
[EventRounds "10"]
[EventCountry "IND"]
[SourceTitle "CBM 178 Extra"]
[Source "ChessBase"]
[SourceDate "2017.06.22"]
[SourceVersion "1"]
[SourceVersionDate "2017.06.22"]
[SourceQuality "1"]

1. e4 d6 2. d4 Nf6 3. Nc3 c6 4. f4 g6 5. Nf3 Bg7 6. Bd3 0-0 7. 0-0 Na6 8. a3 c5 9. d5 Nc7 10. a4 b6 11. Ne2 e6 12. c4 exd5 13. exd5 Na6 14. Bd2 Re8 15. Ng3 Ng4 16. Qc1 Nb4 17. Bb1 f5 18. h3 Nf6 19. Re1 Bd7 20. Ra3 Qc7 21. Rae3 Bxa4 22. Ng5 Bd7 23. Ne6 Bxe6 24. dxe6 Nc6 25. Bc3 Nd4 26. Qd1 Rad8 27. b3 Re7 28. Ne2 Nxe6 29. Ng3 Rde8 30. Nxf5 gxf5 31. Rg3 Nd4 32. Rxe7 Qxe7 0-1